Älteste Staatsoberhäupter Quiz - Statistiken

Allgemein
  • Dieses Quiz wurde 39 mal gespielt
    12 seit der letzten Aktualisierung
  • Das Durchschnittsergebnis liegt bei 9 aus 15
Antwortstatistiken
Name Land Geburtsdatum % Korrekt
Ali Chamenei Iran 19. April 1939
100%
Harald V. Norwegen 21. Februar 1937
91%
Franziskus Vatikanstadt 31. Dezember 1935
91%
Alexander Van der Bellen Österreich 18. Januar 1944
82%
Salman ibn Abd al-Aziz Saudi-Arabien 15. November 1935
73%
Denis Sassou Nguesso Republik Kongo 23. November 1943
64%
Michael D. Higgins Irland 18. April 1941
55%
Sergio Mattarella Italien 23. Juli 1941
55%
Mischal al-Ahmad al-Dschabir as-Sabah Kuwait 27. September 1940
55%
Teodoro Obiang Nguema Mbasogo Äquatorialguinea 5. Juni 1942
45%
Muhammad Yunus Bangladesch 28. Juni 1940
45%
Alassane Ouattara Elfenbeinküste 1. Januar 1942
45%
Paul Biya Kamerun 13. Februar 1933
45%
Emmerson Mnangagwa Simbabwe 15. September 1942
27%
Nangolo Mbumba Namibia 15. August 1941
18%
Keine übereinstimmenden Quizze gefunden
Verteilung der Resultate
Anzahl Personen mit jedem Resultat
Perzentil nach korrekt beantworteten Fragen
Ihre Resultats-Entwicklung
Sie haben dieses Quiz seit der letzten Aktualisierung nicht gespielt